Central Library OPAC University of Rajshahi

The thousand plan : (Record no. 24254)

MARC details
000 -LEADER
fixed length control field 00918cam a22002771 4500
001 - CONTROL NUMBER
control field 24254
003 - CONTROL NUMBER IDENTIFIER
rucl marc code BD-RjUL
005 - DATE AND TIME OF LATEST TRANSACTION
control field 20211209001028.0
008 - FIXED-LENGTH DATA ELEMENTS--GENERAL INFORMATION
fixed length control field 140312s1965 enkabc b 001 0 eng
035 ## - SYSTEM CONTROL NUMBER
System control number (BD-RjUL)24320
System control number (OCoLC)1263610
040 ## - CATALOGING SOURCE
Original cataloging agency DLC
Transcribing agency OCU
Modifying agency OCoLC
-- Uk
-- DLC
Language of cataloging eng
041 ## - LANGUAGE CODE
Language code of text/sound track or separate title eng
082 ## - DEWEY DECIMAL CLASSIFICATION NUMBER
Classification number 940.544
Author mark and year BAT 1965
100 1# - MAIN ENTRY--PERSONAL NAME
Personal name Barker, Ralph,
Dates associated with a name 1917-
9 (RLIN) 74699
245 14 - TITLE STATEMENT
Title The thousand plan :
Remainder of title the story of the first thousand bomber raid on Cologne /
Statement of responsibility, etc. Ralph Barker
260 ## - PUBLICATION, DISTRIBUTION, ETC. (IMPRINT)
Place of publication, distribution, etc. London :
Name of publisher, distributor, etc. Chatto & Windus,
Date of publication, distribution, etc. 1965.
300 ## - PHYSICAL DESCRIPTION
Pagination ix, 260 p. :
Illustrations illus., maps, ports. ;
Size 23 cm.
504 ## - BIBLIOGRAPHY, ETC. NOTE
Bibliography, etc Includes index
610 10 - SUBJECT ADDED ENTRY--CORPORATE NAME
Corporate name or jurisdiction name as entry element Great Britain.
Subordinate unit Royal Air Force.
-- Bomber Command.
650 #0 - SUBJECT ADDED ENTRY--TOPICAL TERM
Topical term or geographic name as entry element World War, 1939-1945
General subdivision Aerial operations, British.
9 (RLIN) 67382
651 #0 - SUBJECT ADDED ENTRY--GEOGRAPHIC NAME
Geographic name Cologne (Germany)
Chronological subdivision Bombardment, 1942.
9 (RLIN) 74701
942 ## - ADDED ENTRY ELEMENTS (KOHA)
Source of classification or shelving scheme Dewey Decimal Classification
Koha item type Books
Holdings
Lost status Source of classification or shelving scheme Damaged status Not for loan Collection code Permanent Location Current Location Shelving location Date acquired Source of acquisition Cost, normal purchase price Total Checkouts Full call number Date last seen Copy number Koha item type
  Dewey Decimal Classification   Added to bundle Non-fiction Central Library, University of Rajshahi Central Library, University of Rajshahi Reading Room 13/07/1972 Book Centre 33.00   940.544 BAT 1965 12/03/2014 C-2 Books